बुलेट ट्रेन/ (Record no. 200968)
[ view plain ]
| 000 -LEADER | |
|---|---|
| fixed length control field | 00977nam a22001937a 4500 |
| 005 - DATE AND TIME OF LATEST TRANSACTION | |
| control field | 20240222123845.0 |
| 010 ## - LCCN (DPL NO) | |
| LC control number | HIN-126937 |
| 020 ## - INTERNATIONAL STANDARD BOOK NUMBER | |
| International Standard Book Number | 9789354914638 |
| Terms of availability | 200.00 |
| 035 ## - SYSTEM CONTROL NUMBER | |
| System control number | HN-99283 |
| 037 ## - SOURCE OF ACQUISITION | |
| Source of stock number/acquisition | DBAD/PUB |
| 082 ## - DEWEY DECIMAL CLASSIFICATION NUMBER | |
| Classification number | 385.22 |
| 100 ## - MAIN ENTRY--PERSONAL NAME | |
| Personal name | रौशन,आर के |
| 245 ## - TITLE STATEMENT | |
| Title | बुलेट ट्रेन/ |
| Statement of responsibility, etc | आर के रौशन;दीपाली ब्राह्मीद्वारा अनुवादित |
| 260 ## - PUBLICATION, DISTRIBUTION, ETC. (IMPRINT) | |
| Place of publication, distribution, etc | दिल्ली |
| Name of publisher, distributor, etc | राष्ट्रीय पुस्तक न्यास, भारत |
| Date of publication, distribution, etc | 2022 |
| 270 ## - ADDRESS | |
| Address | नेहरु भवन, 5 इंस्टीट्यूशनल, एरिया, फेज -II वसंत कुंज, |
| City | नई दिल्ली |
| Postal code | 110070 |
| 300 ## - PHYSICAL DESCRIPTION | |
| Extent | 128 पृष्ठ; |
| Dimensions | 22 सेमी (अजिल्द) |
| 710 ## - ADDED ENTRY--CORPORATE NAME | |
| Corporate name or jurisdiction name as entry element | ब्राह्मी,दीपाली |
| Relator term | अनुवादक |
| 9 (RLIN) | 62403 |
| 942 ## - ADDED ENTRY ELEMENTS (KOHA) | |
| Item type | Hindi Books |
| Source of classification or shelving scheme | Dewey Decimal Classification |
| Classification part | 385.22 |
| Call number suffix | रौशन |
| Withdrawn status | Lost status | Not for loan | Collection code | Home library | Current library | Date acquired | Source of acquisition | Cost, normal purchase price | Full call number | Barcode | Copy number | Cost, replacement price | Koha item type |
|---|---|---|---|---|---|---|---|---|---|---|---|---|---|
| Fiction | Tri Nagar | Tri Nagar | 21/02/2024 | DBAD/PUB | 200.00 | 385.22 रौशन | HN-99283 | 1 | 200.00 | Hindi Books |
